LEADER 00884nam a2200217 i 4500 001 000000254788 003 CaOOAMICUS 005 20170626000000.0 008 170626s1861 it u000 u ita u 013 $a233693 040 $aSeMil$bita 100 1 $aColletta, Pietro,$d<1775-1831>.$0(OLS)http://semarc/name/11324 245 10$aStoria del Reame di Napoli :$bdal 1734 sino al 1825 /$cdi Pietro Colletta. 260 $aMilano :$bErnesto Oliva,$c1861. 300 $a568 p. ;$c22 cm. 650 4$aRegno di Napoli <1302-1816> - Storia.$0(OLS)http://semarc/subject/1082 850 $aSeMil 852 $aSeMil$W1$xVenegono$y1$m3T II 1 FA$j205134$B205134$CSeMilBibl$Z2$F218636 $8I 961 $aRecupero: Altro 996 $6245$aStoria del Reame di Napoli :$bdal 1734 sino al 1825$9(OLS)http://semarc/title/411153 996 $6260$aMilano :$bErnesto Oliva$9(OLS)http://semarc/publisher/31294 LEADER 00633naa a2200145 i 4500 001 000000302970 003 CaOOAMICUS 005 20180831172751.0 008 180831n xx u000 u und u 013 $a10706 040 $aSeMil$bita 100 1 $aSpinelli, Giovanni,$c.$0(OLS)http://semarc/name/9591 245 10$aSpiritualità monastica e cultura europea nell'età del Barocco e d. 773 0 $tCultura e spiritualità nella tradizione monastica.$dRoma : Pontificio Ateneo S. Anselmo, stampa 1990.$kStudia Anselmiana$w()36892 996 $6245$aSpiritualità monastica e cultura europea nell'età del Barocco e d$9(OLS)http://semarc/title/378931 LEADER 01300nam a2200265 i 4500 001 000000056989 003 CaOOAMICUS 005 20110126000000.0 008 110126s1993 it u000 u ita u 013 $a28161 040 $aSeMil$bita 245 13$aLa celebrazione liturgica a 30 anni dalla "Sacrosanctum Concilium" /$ca cura di Rinaldo Falsini ; Contributi di: S. Em. Card. V. Noè ... [et al.]. 260 $aMilano :$bO.R.,$cstampa 1993. 300 $a179 p. ;$c20 cm. 500 $aContiene : Appendice. 650 4$aConcilio Vaticano II <1962-1965> - Costituzione sulla Sacra Liturgia . Sacrosanctum Concilium.$0(OLS)http://semarc/subject/8727 650 4$aLiturgia - Atti di congressi.$0(OLS)http://semarc/subject/7992 650 4$aLiturgia - Studi.$0(OLS)http://semarc/subject/166 700 1 $aNoè, Virgilio .$0(OLS)http://semarc/name/15700 700 1 $aFalsini, Rinaldo,$c.$0(OLS)http://semarc/name/314 850 $aSeMil 852 $aSeMil$W1$xVenegono$y1$m3K V 231$j23143$B23143$CSeMilBibl$Z2$F23145 $81 961 $aOmaggio: Mariani don Giovanni 996 $6245$aLa celebrazione liturgica a 30 anni dalla "Sacrosanctum Concilium"$9(OLS)http://semarc/title/88640 996 $6260$aMilano :$bO.R.$9(OLS)http://semarc/publisher/29789